NASCAR Cup Winners at Martinsville Speedway - Statistics

General Stats
  • This quiz has been taken 1,374 times
    212 since last reset
  • The average score is 107 of 153
Answer Stats
Year Winner % Correct
1980 | 1985 | 1987 | +3 others Dale Earnhardt
98%
2014 Dale Earnhardt Jr
98%
1996 | 1997 | 1999 | +4 others Jeff Gordon
98%
2004 | 2006 | 2007 | +5 others Jimmie Johnson
96%
2008 | 2009 | 2010 | +2 others Denny Hamlin
92%
2016 | 2017 Kyle Busch
92%
1960 | 1962 | 1963 | +9 others Richard Petty
92%
2020 Chase Elliott
91%
1961 | 1965 Junior Johnson
91%
2002 | 2014 Kurt Busch
91%
1953 | 1954 | 1959 Lee Petty
91%
2023 Kyle Larson
90%
2022 | 2024 William Byron
90%
1949 Red Byron
88%
2018 Joey Logano
86%
1976 | 1978 | 1980 | +7 others Darrell Waltrip
83%
2019 | 2020 | 2021 Martin Truex Jr
83%
2017 | 2019 Brad Keselowski
82%
2011 Kevin Harvick
82%
2023 | 2024 Ryan Blaney
81%
2022 Christopher Bell
80%
1992 | 2000 Mark Martin
79%
1986 | 1993 | 1994 | +3 others Rusty Wallace
79%
2000 | 2006 | 2011 Tony Stewart
79%
2002 Bobby Labonte
77%
1968 | 1974 | 1976 | +2 others Cale Yarborough
77%
2001 Dale Jarrett
73%
1973 David Pearson
68%
2018 Clint Bowyer
64%
2012 Ryan Newman
63%
2021 Alex Bowman
61%
1956 | 1957 Buck Baker
53%
1979 Buddy Baker
51%
1997 Jeff Burton
50%
1983 | 1986 | 1998 Ricky Rudd
50%
1958 Fireball Roberts
49%
1950 | 1952 Herb Thomas
49%
1959 | 1960 Rex White
46%
1955 Tim Flock
46%
1990 | 1992 Geoff Bodine
44%
1984 Goeff Bodine
44%
1961 Joe Weatherly
43%
1993 Ernie Irvan
40%
1982 | 1985 | 1991 Harry Gant
39%
1970 | 1971 Bobby Isaac
35%
2001 Ricky Craven
33%
1961 | 1963 | 1964 | +2 others Fred Lorenzen
32%
1998 Bobby Hamilton
31%
1999 John Andretti
29%
1950 | 1951 Curtis Turner
20%
1956 Jack Smith
20%
1955 Speedy Thompson
13%
1975 Dave Marcis
11%
1981 Morgan Shepherd
11%
1953 | 1954 | 1966 Jim Paschal
9%
1974 Earl Ross
7%
1962 Nelson Stacy
6%
1957 | 1958 Bob Welborn
5%
1952 Dick Rathmann
1%
1951 Frank Mundy
1%
No matching quizzes found
Score Distribution
Percent of People with Each Score
Percentile by Number Answered
Your Score History
You have not taken this quiz since the last reset